Stěžejní parametry reformy bankovního systému v Srbsku

Reforma bankového sektora v Juhoslávii. Reštrukturalizácia komerčných bánk. Odstránenie záporného kapitálu. Zahraničné banky prítomné na juhoslovanskom trhu. Systém dvojnásobného poistenia vkladov pre väčšiu ochranu veriteľov a podporu sporenia. Prijatie legislatívnych noriem požadovaných MMF. Nákla...

Descrizione completa

Salvato in:
Dettagli Bibliografici
Autore principale: Fritsch, David
Natura: Capitolo di libro
Lingua:ceco
Soggetti:
Tags: Aggiungi Tag
Nessun Tag, puoi essere il primo ad aggiungerne!!

MARC

LEADER 00000naa a2200000 4500
001 r043531
005 20231004072332.6
041 0 |a cze 
044 |a CZ 
245 1 0 |a Stěžejní parametry reformy bankovního systému v Srbsku  |c David Fritsch 
520 |a Reforma bankového sektora v Juhoslávii. Reštrukturalizácia komerčných bánk. Odstránenie záporného kapitálu. Zahraničné banky prítomné na juhoslovanskom trhu. Systém dvojnásobného poistenia vkladov pre väčšiu ochranu veriteľov a podporu sporenia. Prijatie legislatívnych noriem požadovaných MMF. Náklady dlhovej služby. 
610 2 0 |a bankovníctvo 
610 2 0 |a reformy 
610 2 0 |a Juhoslávia 
610 2 0 |a reštrukturalizácia 
610 2 0 |a banky obchodné 
610 2 0 |a banky zahraničné 
610 2 0 |a vklady 
610 2 0 |a sporenie obyvateľstva 
610 2 0 |a legislatíva 
610 2 0 |a dlhy štátne 
100 1 |a Fritsch, David